Lizbona - quiz wielokrotnego wyboru - Statystyki

Ogólne statystyki
  • Ten quiz został rozwiązany 589 razy
    588 od ostatniego zresetowania
  • Średni wynik to 6 z 10
Statystyki odpowiedzi
Zagadnienie Odpowiedź % Poprawnych
Jaki odkrywca pochowany jest w Klasztorze Hieronimitów? Vasco da Gama
79%
Jak nazywa się najbardziej utytułowany klub piłkarski w Lizbonie? Benfica
77%
Jaka jest portugalska nazwa dla Lizbony? Lisboa
76%
Co doszczętnie zniszczyło Lizbonę w 1755 r? Trzęsienie ziemi i tsunami
72%
Jakiego koloru są charakterystyczne tramwaje dla Lizbony? Żółtego
72%
Z których z tych dań słynie Lizbona? Babeczka z kremem jajecznym
64%
Która z poniższych rzek przepływa przez Lizbonę? Tag
60%
Jaki gatunek muzyczny pochodzi z Lizbony? Fado
59%
Które brazylijskie miasto nosi nazwę pochodzącą od jednej z dzielnic Lizbony? Belém
52%
Kto założył Lizbonę na zachodnim krańcu świata - zgodnie z legendą? Odyseusz
37%
Nie znaleziono quizów pasujących do podanych kryteriów
Rozkład punktacji
Procent ludzi z każdym wynikiem
Percentyl według liczby udzielonych odpowiedzi
Twoja historia wyników
Nie rozwiązałeś tego quizu od ostatniego zresetowania